| 000 | 00867cam a2200277Ia 4500 | ||
|---|---|---|---|
| 999 |
_c775 _d775 |
||
| 001 | 55743658 | ||
| 003 | OSt | ||
| 005 | 20180910171820.0 | ||
| 008 | 040625s2003 ii b 001 0 eng d | ||
| 020 | _a8172147120 | ||
| 040 |
_aGZQ _cGZQ _dOCLCQ |
||
| 082 |
_a290 _bA482M |
||
| 090 |
_aBL410 _b.A43 2003 |
||
| 100 | 1 |
_aAmaladoss, M. _q(Michael), _d1936- |
|
| 245 | 1 | 0 |
_aMaking harmony : _bliving in a pluralist world / _cMichael Amaladoss |
| 246 | 3 | 0 | _aLiving in a pluralist world |
| 260 |
_aDelhi : _bISPCK ; _aChennai : _bIDCR, _c2003 |
||
| 300 |
_axiii, 186 p. ; _c22 cm |
||
| 504 | _aIncludes bibliographical references (p. [168]-180) and index | ||
| 610 | 2 | 0 |
_aCatholic Church _xRelations |
| 650 | 0 | _aReligious pluralism | |
| 650 | 0 | _aMulticulturalism | |
| 650 | 0 | _aPluralism (Social sciences) | |
| 650 | 0 | _aChristianity and other religions | |
| 942 |
_2ddc _cBK |
||